MARC details
| 000 -LEADER |
| fixed length control field |
02719nam a2200385Ii 4500 |
| 003 - CONTROL NUMBER IDENTIFIER |
| control field |
URS |
| 005 - DATE AND TIME OF LATEST TRANSACTION |
| control field |
20221125082326.0 |
| 008 - FIXED-LENGTH DATA ELEMENTS--GENERAL INFORMATION |
| fixed length control field |
220131s1995 inua o 001 0deng d |
| 040 ## - CATALOGING SOURCE |
| Original cataloging agency |
MYG |
| Language of cataloging |
eng |
| Description conventions |
rda |
| -- |
pn |
| Transcribing agency |
MYG |
| Modifying agency |
OCLCO |
| -- |
YDX |
| Transcribing agency |
URS |
| 020 ## - INTERNATIONAL STANDARD BOOK NUMBER |
| International Standard Book Number |
9781557539496 |
| Qualifying information |
(ePDF) |
| 020 ## - INTERNATIONAL STANDARD BOOK NUMBER |
| International Standard Book Number |
1557539499 |
| Qualifying information |
(ePDF) |
| 020 ## - INTERNATIONAL STANDARD BOOK NUMBER |
| Canceled/invalid ISBN |
9780931682544 |
| Qualifying information |
(alk. paper) |
| 100 1# - MAIN ENTRY--PERSONAL NAME |
| Personal name |
Norberg, John. |
| 245 12 - TITLE STATEMENT |
| Title |
A force for change : |
| Remainder of title |
the Class of 1950 / |
| Statement of responsibility, etc. |
John Norberg. |
| 264 #1 - PRODUCTION, PUBLICATION, DISTRIBUTION, MANUFACTURE, AND COPYRIGHT NOTICE |
| Place of production, publication, distribution, manufacture |
West Lafayette, Ind. : |
| Name of producer, publisher, distributor, manufacturer |
Purdue University, |
| Date of production, publication, distribution, manufacture, or copyright notice |
1995. |
| 264 #4 - PRODUCTION, PUBLICATION, DISTRIBUTION, MANUFACTURE, AND COPYRIGHT NOTICE |
| Date of production, publication, distribution, manufacture, or copyright notice |
©1995 |
| 300 ## - PHYSICAL DESCRIPTION |
| Extent |
1 online resource (xiv, 390 pages) : |
| Other physical details |
illustrations |
| 336 ## - CONTENT TYPE |
| Content type term |
text |
| Content type code |
txt |
| Source |
rdacontent |
| 337 ## - MEDIA TYPE |
| Media type term |
computer |
| Media type code |
c |
| Source |
rdamedia |
| 338 ## - CARRIER TYPE |
| Carrier type term |
online resource |
| Carrier type code |
cr |
| Source |
rdacarrier |
| 500 ## - GENERAL NOTE |
| General note |
Includes index. |
| 505 0# - FORMATTED CONTENTS NOTE |
| Formatted contents note |
Introduction -- Chapter 1. "I wish you could turn back the clock" : remembering how it was -- Chapter 2. "The loneliness is disappearing" : some who added the feminine touch -- Chapter 3. "Times were very tough" : the Great Depression's lifelong effects -- Chapter 4. "We had a ton of guys playing" : on the gridiron and the court -- Chapter 5. "I told her I'd give her a call" : boy meets girl -- Chapter 6. "I was an aviation bug" : some were flyboys -- Chapter 7. "Everybody was going" : into the Army, Navy, and Marines -- Chapter 8. "Look at all those free people" : the African-American experience -- Chapter 9. "It was a fantastic time" : from radar through space -- Chapter 10. "Like riding a roller coaster down" : the night the bleachers collapsed -- Chapter 11. "We had a great wrestling team" : Hoosier hysteria goes to the mat -- Chapter 12. "I never did go home" : students from faraway places -- Chapter 13. "Now it's your turn" : from college to Korea -- Chapter 14. "They could do anything they wanted to" : college, careers, children, and careers -- Chapter 15. "Back home again in Indiana" : memories of more Purdue athletes. |
| 588 0# - SOURCE OF DESCRIPTION NOTE |
| Source of description note |
Print version record. |
| 590 ## - LOCAL NOTE (RLIN) |
| Local note |
JSTOR |
| Provenance (VM) [OBSOLETE] |
Books at JSTOR Open Access |
| 610 20 - SUBJECT ADDED ENTRY--CORPORATE NAME |
| Corporate name or jurisdiction name as entry element |
Purdue University. |
| Subordinate unit |
Class of 1950. |
| Authority record control number or standard number |
http://id.loc.gov/authorities/names/n95081155 |
| 610 20 - SUBJECT ADDED ENTRY--CORPORATE NAME |
| Corporate name or jurisdiction name as entry element |
Purdue University |
| General subdivision |
Students |
| Form subdivision |
Biography. |
| 610 27 - SUBJECT ADDED ENTRY--CORPORATE NAME |
| Corporate name or jurisdiction name as entry element |
Purdue University. |
| Source of heading or term |
fast |
| Authority record control number or standard number |
(OCoLC)fst00535526 |
| 610 27 - SUBJECT ADDED ENTRY--CORPORATE NAME |
| Corporate name or jurisdiction name as entry element |
Purdue University. |
| Subordinate unit |
Class of 1950. |
| Source of heading or term |
fast |
| Authority record control number or standard number |
(OCoLC)fst00709725 |
| 650 #7 - SUBJECT ADDED ENTRY--TOPICAL TERM |
| Topical term or geographic name entry element |
Students. |
| Source of heading or term |
fast |
| Authority record control number or standard number |
(OCoLC)fst01136041 |
| 710 2# - ADDED ENTRY--CORPORATE NAME |
| Corporate name or jurisdiction name as entry element |
Purdue University. |
| Subordinate unit |
Class of 1950. |
| Authority record control number or standard number |
http://id.loc.gov/authorities/names/n95081155 |
| 776 08 - ADDITIONAL PHYSICAL FORM ENTRY |
| Relationship information |
Print version: |
| Main entry heading |
Norberg, John. |
| Title |
Force for change. |
| Place, publisher, and date of publication |
West Lafayette, Ind. : Purdue University, 1995. |
| Record control number |
(DLC) 95033507 |
| -- |
(OCoLC)33042005 |
| International Standard Book Number |
9780931682544 |
| 856 40 - ELECTRONIC LOCATION AND ACCESS |
| Uniform Resource Identifier |
<a href="https://www.jstor.org/stable/10.2307/j.ctv2x1npsn">https://www.jstor.org/stable/10.2307/j.ctv2x1npsn</a> |
| 942 ## - ADDED ENTRY ELEMENTS (KOHA) |
| Source of classification or shelving scheme |
Library of Congress Classification |
| Koha item type |
E-Book |
| 994 ## - |
| -- |
92 |
| -- |
PHURS |